00785nam a2200157 a 450000100100000000500170001000800410002704000250006808200170009310000420011024503040015226000940045630000310055049000230058183000230060400003275820200930065821.0110726s1977 dr ab r 000 0 spa d aDO-SdBNPbspacBNPHU axxxxbCh478h1 aCharlevoix, Pedro Francisco Javier de10aHistoria de la Isla Española o de Santo Domingo :bescrita particularmente sobre las memorias manuscritas del padre Jean Bautista Le Pers, jesuita, misionero en Santo Domingo, y sobre los documentos originales que se conservan en el depósito de la Marina /cPedro Francisco Javier de Charlevoix. aSanto Domingo :aEditora de Santo Domingo :bSociedad Dominicana de Bibliófilos,c1977. a2v. :bil., map. ;c24 cm.1 aCultura dominicana 0aCultura dominicana